000 00540nam a2200169Ia 4500
008 150610s9999 xx 000 0 und d
020 _a9780307950147
050 _aPR9619.4
_b.A35l37 2011
100 _aAdiga, Aravind
245 _aLast man in tower:
_ba novel /
_cAravind Adiga.
260 _aUnited States :
_bVintage Books,
_c2011.
300 _a555pages ;
_c18 cm.
520 _aFiction.
650 _aApartment houses-India
_xFiction.
650 _aReal estate developers-India
_xFiction.
650 _aSocial conflict-India
_bFiction.
999 _c288158
_d288158